"She Blinded Me with Science" Thomas Dolby Lyrics - Statistics

General Stats
  • This quiz has been taken 18 times
  • The average score is 74 of 115
Answer Stats
Lyrics % Correct
blinded
100%
me
100%
science
100%
science,
100%
science ...
100%
she
100%
with
100%
I
93%
in
93%
it
93%
her
80%
It's
80%
it's
80%
motion
80%
poetry
80%
she's
73%
the
73%
again
67%
any
67%
as
67%
can
67%
to
67%
and
60%
eyes
60%
ha,
60%
ocean
60%
believe
53%
can't
53%
don't
53%
there
53%
all
47%
goes
47%
harmony
47%
love
47%
making
47%
sweet
47%
technology
47%
when
47%
are
40%
but
40%
deep
40%
I'm
40%
my
40%
now
40%
chemicals
33%
failed
33%
find
33%
smell
33%
up
33%
anything
27%
biology
27%
hit
27%
turned
27%
blinding
20%
hey,
20%
careful
13%
close
13%
commotion
13%
dancing
13%
notes
13%
notions
13%
tender
13%
tidied
13%
tubes
13%
antiquated
7%
elements
7%
spheres
7%
wires
7%
No matching quizzes found
Score Distribution
Percent of People with Each Score
Percentile by Number Answered
Your Score History
You have not taken this quiz